01660nam a22002057a 450000500170000000800410001705000220005824506400008024603050072025000110102526000890103630000270112561000700115265000460122265000480126870000280131670000350134470000430137970000320142220200114111144.0200114b pau||||| |||| 00| 0 eng d04aKGF3015bF43 200604aThe Federal Institute for Access to Information in México and a culture of transparence b: project for global communication studies at the Annenberg School for Communications, University of Pennsylvania : A report for the William and Flora Hewlett Foundation february 2006 : = El Instituto Federal de Acceso a la Información Pública en México y la cultura de la transparencia : El Proyecto de estudios de comunicaciones globales, Facultad de Comunicaciones Annenberg de la Universidad de Pensilvania : Un informe para la Fundación William y Flora Hewlett febrero 2006.c/ David L. Sobel...[et al.] ; coordinator Susan Abbot.01aEl Instituto Federal de Acceso a la Información Pública en México y la cultura de la transparenciab: El Proyecto de estudios de comunicaciones globales, Facultad de comunicaciones Annenberg de la Universidad de Pensilvania : Un informe para la Fundación William y Flora Hewlett febrero 2006. a1a ed. aPhiladelphia :bUniversity of Pensylvania, Annenberg School for Comunication,c2006. ap. v. :bil. ;c22 cm.24aInstituto Federal de Acceso a la Información Pública (Mexico) 72lembaLibertad de informaciónzMéxico 72lembaInformación gubernamentalzMéxico1 aSobel, David L.,eautor1 aDavis Noll, Bethany A.,eautor1 aFernández Bogado, Benjamín,eautor1 aAbbott, Susan,ecoordinador